Loading...
Marketing and distribution An over view /
| Main Author: | |
|---|---|
| Language: | Undetermined |
| Published: |
1969.
|
| LEADER | 00406nam a2200121Ia 4500 | ||
|---|---|---|---|
| 001 | 105038 | ||
| 008 | 170722s9999 xx 000 0 und d | ||
| 100 | |a Warner, Daniel S. | ||
| 245 | |a Marketing and distribution |b An over view / | ||
| 260 | |c 1969. | ||
| 942 | |c GEN | ||
| 999 | |c 76654 |d 76654 | ||
| 952 | |0 0 |1 0 |4 0 |6 X_51_73_000000000000000_K9 |7 0 |8 LC1 |9 108277 |a LIB |b LIB |d 2017-08-12 |h LC1 |o X:51.73 K9 |p 130066 |r 2017-08-12 |w 2017-08-12 |y GEN | ||